| 000 | 00757cam a2200229 4500 | ||
|---|---|---|---|
| 001 | WB3628-07 | ||
| 008 | 000000n2000 000 0 eng u | ||
| 035 | _a(Sirsi) u107218 | ||
| 245 | _aWhitehall exodus | ||
| 260 | _c2000 | ||
| 490 |
_aIndependent _v14 July 2000, 4(2) |
||
| 520 | _aGovernment is to give Whitehall departments financial incentives to move out of London. The new accounting methods could result in the release of prime office space which would be very valuable on the open market. | ||
| 590 | _aWB | ||
| 650 | _aACCOUNTING RULES | ||
| 650 | _aGOVERNMENT BUILDINGS | ||
| 650 | _aPUBLIC SECTOR | ||
| 650 | _aOFFICE SPACE | ||
| 650 | _aLONDON | ||
| 650 | _aCIVIL SERVICE | ||
| 690 | _aCOMMERICAL PROPERTY-MARKET | ||
| 942 | _n0 | ||
| 999 |
_c64101 _d64101 |
||